Po celý rok s Bohom : 365 príbehov a modlitieb /
Uložené v:
| Hlavný autor: | |
|---|---|
| Ďalší autori: | , |
| Médium: | Kniha |
| Jazyk: | Slovak English |
| Vydané: |
Bratislava :
Don Bosco,
2013.
|
| Vydanie: | [1. vyd.] |
| Témy: | |
| ISBN: |
9788080742034 (viaz.) |
| Fyzický popis: |
[365] s. : il. ; 19 cm. |
| Tagy: |
Pridať tag
Žiadne tagy, Buďte prvý kto otaguje tento záznam!
|
Titul je dostupný aj v ... 

MARC
| LEADER | 00000nam a22000005a 4500 | ||
|---|---|---|---|
| 001 | 000449321 | ||
| 005 | 20140512092226.0 | ||
| 008 | 140207s2013 xo a a 000 j slo d | ||
| 020 | |a 9788080742034 (viaz.) | ||
| 040 | |a SVKKK |b slo |c SVKKK |e AACR2 | ||
| 041 | 1 | |a slo |h eng | |
| 044 | |a xo |c SK | ||
| 072 | 7 | |a 27 |x Kresťanstvo. Kresťanská cirkev všeobecne. Ekleziológia |2 konspekt | |
| 072 | 7 | |a 0/9-053.2 |x Literatúra pre deti a mládež (náučná) |2 konspekt | |
| 080 | |a 27-184.3 |2 2001 | ||
| 080 | |a 27-4 |2 2001 | ||
| 080 | |a 27-277.2 |2 2001 | ||
| 080 | |a (0.053.2) |2 2001 | ||
| 080 | |a (0:82-97) |2 2001 | ||
| 100 | 1 | |a Browman, Crystal | |
| 240 | 1 | 4 | |a The one year book of devotione for preschoolers. |l Slovensky |
| 245 | 1 | 0 | |a Po celý rok s Bohom : |b 365 príbehov a modlitieb / |c autor: Crystal Bowman ; ilustrácie: Elena Kucharik ; [preklad Michaela Korbášová]. |
| 250 | |a [1. vyd.] | ||
| 260 | |a Bratislava : |b Don Bosco, |c 2013. | ||
| 300 | |a [365] s. : |b il. ; |c 19 cm. | ||
| 500 | |a Preklad z angl. orig. | ||
| 500 | |a Údaj o prekl. prevzatý z rubu titul. strany | ||
| 500 | |a Biograf. údaje o aut. a il. | ||
| 521 | 1 | |a Určené pre deti vo veku 3-6 rokov | |
| 650 | 0 | 7 | |a kresťanská viera |2 SVKKKPH |
| 650 | 0 | 7 | |a kresťanský život |2 SVKKKPH |
| 650 | 0 | 7 | |a biblické citáty |2 SVKKKPH |
| 655 | 7 | |a publikácie pre deti |2 SVKKKPH | |
| 655 | 7 | |a modlitby |2 SVKKKPH | |
| 700 | 1 | |a Kucharik, Elena |4 ill | |
| 700 | 1 | |a Korbášová, Michaela |4 trl | |
| 765 | 0 | |t One year book of devotione for preschoolers. Slovensky |a Browman, Crystal | |
| 910 | |a svkkk | ||
| 919 | |a 978-80-8074-203-4 | ||
| 998 | |a BK | ||
| 090 | |g SCKHL |k Sklad Hlavná 10 prízemie |a I.81708 |j 1052872 |i 2720306512 |s Absenčne | ||